00818nam a2200181 i 450000100060000000300090000600700030001500800410001810000260005924502320008526000490031730000470036670000380041370000280045185200200047999900170049995201200051680586ES-MaACLt|041028s1911 sp ||||1| spa d1 aHoffa, Albert.96393510aAtlas manual de apósitos y vendajes para uso de médicos y estudiantes / cpor Albert Hoffa ; aumentado y revisado después por Rudolf Grashey ; traducción directa de la 4ª edición alemana por Pablo González Muñoz. aMadrid : bAcademia, c1911 (fJosé Rueda) aVII, 260 p., 170 lám. : bil. ; c19 cm.1 aGonzález Muñoz, Pablo.9588331 aGrashey, Rudolf.959692 aES-MaACLjE-259 c80586d80586 00104070aATENEOMbATENEOMcDEPO2d2008-01-17eSCl0oE-259p1084253r2023-02-23 00:00:00w2023-02-23yMONOGRAFIA